000 00668nam a2200217 4500
003 OSt
005 20240725064616.0
006 a
008 240725b |||||||| |||| 00| 0 eng d
020 _a9780495797357
040 _aDWCL-Main lib.
_cOC
082 _2Fifth edition
_aCirc. 909 D873c 2010
100 _aDuiker, William J.
245 _aContemporary world history /
250 _aFifth edition
260 _aBoston, Mass. :
_bWadsworth Cengage Learning,
_cc2010.
300 _axvi,
_b368 p. : col. ill. ;
_c26 cm.
504 _aIncludes bibliographical references & index.
650 _a1. World history.
942 _2ddc
_n0
_cBK-CIRC
_eFifth edition
_kCirc.
999 _c2738
_d2738